| 000 | 00456nam a2200169Ia 4500 | ||
|---|---|---|---|
| 008 | 260520s2023 xx 000 0 und d | ||
| 020 | _a9788192041346 | ||
| 041 | _amar | ||
| 082 | _a491.465/KHO | ||
| 100 | _aखोत, व भ | ||
| 245 | _aमराठी व्याकरण | ||
| 250 | _a1st ed | ||
| 260 |
_aपुणे _bचेतक बुक्स , _c2023 |
||
| 300 | _a144p. | ||
| 500 | _aCat No: 14886 | ||
| 650 | _aMARATHI LITERATURE | ||
| 999 |
_c1222147 _d1222147 |
||